00750 a2200217 4500999001900000001000600019003000500025005001700030008004100047082001500088100001700103245007100120250000600191260003300197300005000230500006600280520002800346740002800374942003400402952009600436 c301364d30136466291NUST20180119121440.0180119b xxu||||| |||| 00| 0 eng d a515.35 BOY aBoycee99075 aElementary differential equations and boundary value problems, 5/e a5 aN YbJohn Wiely & Sonsc1992 blogin and password slip is pasted on the book awith instructions for online access is pasted inside the book aboundary value problems aboundary value problems aNUST-CAEcBKk515.35 BOY2ddc 001040708NFICaCAEbCAEd2017-04-03l0o515.35 BOYpCAEN-944r2017-04-05w2017-04-05yBK